书目信息 |
| 题名: |
研究生入学考试力学试题精选详解
|
|
| 作者: | 芮又翘 编 | |
| 分册: | 上 | |
| 出版信息: | 长春 吉林科学技术出版社 1986.08 |
|
| 页数: | 387页 | |
| 开本: | 26cm | |
| 丛书名: | ||
| 单 册: | ||
| 中图分类: | O3-44 | |
| 科图分类: | ||
| 主题词: | 力学 | |
| 电子资源: | ||
| ISBN: | 7-5384-0036-2 | |
| 000 | 00603nam0 2200193 450 | |
| 001 | 0661938299 | |
| 005 | 20061121171502.32 | |
| 010 | @a7-5384-0036-2@dCNY5.10 | |
| 100 | @a20061121d1986 km y0chiy0120 ea | |
| 101 | 0 | @achi |
| 102 | @aCN@b220000 | |
| 200 | 1 | @a研究生入学考试力学试题精选详解@Ayan jiu sheng ru xue kao shi li xue shi ti jing xuan xiang jie@h上@f芮又翘等编@Frui you qiao deng bian |
| 210 | @a长春@c吉林科学技术出版社@d1986.08 | |
| 215 | @a387页@d26cm | |
| 606 | 0 | @a力学 |
| 690 | @aO3-44@v3 | |
| 701 | 0 | @a芮又翘@Arui you qiao@4编 |
| 801 | 0 | @aCN@bPFT@c20061121 |
| 905 | @a10447@dO3-44@e37:1 | |
| 研究生入学考试力学试题精选详解.上/芮又翘等编.-长春:吉林科学技术出版社,1986.08 |
| 387页;26cm |
| ISBN 7-5384-0036-2:CNY5.10 |
| ● |
| 相关链接 |
|
|
|
|
正题名:研究生入学考试力学试题精选详解
索取号:O3-44/37:1
 
预约/预借
| 序号 | 登录号 | 条形码 | 馆藏地/架位号 | 状态 | 备注 |
| 1 | 0200896 | 202449449 | 第二样本阅览室/ [索取号:O3-44/37:1] | 在馆 |